Клуб 27 - Армагеддон - Statistics

General Stats
  • This quiz has been taken 39 times
  • The average score is 3 of 11
Answers on the Grid
Answers color-coded by a green-red scale on the quiz's grid according to % correct below.
Элвис Пресли
Сид Барретт
Боб Марли
Курт Кобейн
Джон Леннон
Бигги Смоллс
Митч Лакер
Отис Реддинг
Долорес О'Риордан
Джимм Хендрикс
Эми Уайнхаус
Принс
Бадди Холли
Дженис Джоплин
Женя Белоусов
Клифф Бёртон
Святослав Задерий
Джон Бонем
Виктор Цой
Джим Моррисон
Игорь Тальков
Оззи Осборн
Сид Вишес
Брайан Джонс
Стюарт Сатклифф
Бон Скотт
Игорь Чумычкин
Владимир Высоцкий
MF Doom
Дэд
Далида
Ким Джонхён
Лемми Килмистер
Артур Ли
Кит Флинт
Тупак Шакур
Лу Рид
Роберт Джонсон
Честер Беннингтон
Децл
Билл Хейли
Евронимус
Александр Башлачёв
Пол Грей
Walkie
 
Answer Stats
Answer % Correct
Курт Кобейн
94%
Эми Уайнхаус
63%
Джимм Хендрикс
34%
Джим Моррисон
28%
Дженис Джоплин
25%
Брайан Джонс
19%
Александр Башлачёв
16%
Игорь Чумычкин
9%
Ким Джонхён
9%
Роберт Джонсон
6%
Walkie
6%
No matching quizzes found
Score Distribution
Percent of People with Each Score
Percentile by Number Answered
Your Score History
You have not taken this quiz